000
00295nam a22001217a 4500
008
180518b xxu||||| |||| 00| 0 eng d
041
_a
eng
080
_a
043.3
100
_a
0
101
_a
SHKI-MA
245
_a
Permirsimi i Performances se Databazes SLQ Server
_c
Spahija, G
942
_2
udc
_c
BK
999
_c
45936
_d
45936